000 00328pab a2200133 454500
008 180718b1988 xxu||||| |||| 00| 0 eng d
245 _aSpecial issue on tribal studies in India
260 _c1988
300 _a3-89
362 _aMar.
650 _aTribes and Tribal System - India
773 _aSocial Change
909 _a19687
999 _c19687
_d19687